000 01588nmm a2200397 a 4500
001 ocm0002347791
003 TR-IsHL
005 20201028190341.0
008 191225s2018 tu tur
007 cr cn
020 _a9786052118122
035 _a2347791
_b(N$T)
050 0 4 _aHF5548.4.G87
_bS97 2018
090 0 4 _aHF5548.4.G87
_bS97 2018
100 1 _aGürsoy, Çağrı
245 1 0 _aSap S4 Hana
_h[electronic resource] /
_cÇağrı Gürsoy ; yayına hazırlık Hüseyin Üstünel, Eray Küçük
250 _a1. Baskı
260 _aİstanbul :
_bKODLAB Yayın Dağıtım,
_c2018
300 _a778 p.
650 4 _aEkonomi ve Finans
650 4 _aEconomics and Finance
650 0 _aİş lojistiği
_x Bilgisyar programları
650 0 _aBusiness logistics
_x Computer programs
650 0 _aYönetim bilişim sistemleri
650 0 _aManagement information systems
650 0 _aİş
_x Bilgisayar programları
650 0 _aBusiness
_x Computer programs
650 0 _aSAP (Systems, Applications and Products)
_x Sektörel çözümler
650 0 _aSAP (Systems, Applications and Products)
_x Sectoral solutions
650 0 _aSAP (Systems, Applications and Products)
_x Proje uygulama planı
650 0 _aSAP (Systems, Applications and Products)
_x Project implementation plan
650 7 _aCOMPUTERS / Business & Productivity Software / Accounting & Finance
_2bisacsh
700 1 _aÜstünel, Hüseyin
700 1 _aKüçük, Eray
856 4 0 _uhttp://search.ebscohost.com/login.aspx?direct=true&scope=site&db=e011xww&AN=2347791
999 _c21879
_d21879